00491 2200181 4500001002100000005001500021035002000036007000300056008004100059020002100100082001000121084001600131100002100147245003500168260004000203300004600243650002000289INLIS00000000000038320221028020129 a0010-1022000125ta221028 a 1 ind  a978-979252-819-7 a741.5 a741.5 ANI k0 aAnies Listyowati1 aKeni Pilek /cAnies Listyowati aJakarta :bErlangga For Kids,c2012 a22 halaman :bilustrasi berwarna ;c22 cm 4aSeri Anak Sehat